000 00599cam a22002413a 4500
001 50
003 PGUSA
005 20140828082942.0
008 930101s1993||||xxu|||||s|||||000 | eng d
040 _aPGUSA
_beng
042 _adc
050 4 _aQA
100 1 _aHemphill, Scott
245 1 0 _aPi
_h[electronic resource] /
_cScott Hemphill
260 _bProject Gutenberg,
_c1993
506 _aPublic domain in the USA.
516 _aElectronic text
653 _aPi
653 _aMathematics
830 0 _aProject Gutenberg
_v50
856 4 0 _uhttp://www.gutenberg.org/ebooks/50
942 _cEB
999 _c229421
_d229421